01503nam a2200277 a 4500001001000000005001700010008004100027041000800068044000700076084002000083100004500103245006500148260003600213300002400249500008000273500009100353500044800444500001100892546002500903650005200928650005600980650003401036650004501070700006001115740005001175BRCA_312820190320204126.0040209s1861----fr-a---###---#000-0#fre-u afre afr a431b.B48c18611 aCervantes Saavedra, Miguel ded1547-161610aHistoire de Don Quichotte de la ManchecMichel de Cervantes. aParísbBernardin-Bechetc1861 a379 p.bil.c23 cm. aContenido : Primera parte. Prólogo del autor. Texto. Segunda parte. Texto aEdición : Traduite de l´Espagnol de Michel de Cervantes par Filleau de Saint-Martin aCopia de la edición publicada por P.H. Krabbe en 1850. Es una de las raras traducciones del mismo traductor que no va acompañada de su continuación del Quijote. Los editores tuvieron el tino de suprimirla para restablecer el texto del último capítulo y el final de la obra tal como la escribió Cervantes. Va adornada con dibujos de Guérin. Impresión y papel malos. Semipiel; lomera decorada con filetes dorados Lúdovik Osterc aQM359A aTexto en : francés14aNovela españolayÉpoca clásica, 1500-170014aLiteratura españolayÉpoca clásica, 1500-170014aNovela españolaySiglo XVII14aDon Quijote (Personaje ficticio)eNovela1 aSaint-Martin, Francois Filleau ded1632-1695eTraductor0 aEl Ingenioso Hidalgo Don Quijote de la Mancha